000 01959cam a2200421 a 4500
001 13231586
003 SISC
005 20160331124350.0
008 030609s2004 mnua c 001 0 eng
010 _a 2003013032
020 _a0736824219
040 _aDLC
_cDLC
_dDLC
042 _apcc
_alcac
050 0 0 _aHV 8077
_b.R65 2004
082 0 0 _aHS 363.25
_bR65 2004
100 1 _aRollins, Barbara B.
_910342
245 1 0 _aBallistics /
_cBarbara B. Rollins and Michael Dahl ; consultant, Stephanie Eckerman.
260 _aMankato, Minn. :
_bCapstone Press,
_cc2004.
300 _a32 p. ;
_bill. col. ;
_c24 cm.
440 0 _aEdge books, Forensic crime solvers
_910343
500 _aIncludes index.
505 0 _aWeapons fired! -- Firearms and ammunition -- Comparing bullets and cartridge cases -- Other firearm evidence.
520 _aDescribes the science of ballistics, including the types of weapons and ammunition used in crimes, clues guns and bullets leave behind, techniques used by ballistics experts, and how ballistics evidence is used to solve crimes.
562 _eFor circulation. One copy available in the collection.
650 0 _aForensic ballistics
_vJuvenile literature.
_910344
650 0 _aCriminal investigation
_vJuvenile literature.
_910345
650 0 _aEvidence, Criminal
_vJuvenile literature.
_910346
650 1 _aBallistics.
_910347
650 1 _aForensic sciences.
_910348
650 1 _aCriminal investigation.
_910349
650 1 _aEvidence, Criminal.
_910350
700 1 _aDahl, Michael.
_910351
856 4 1 _3Table of contents
_uhttp://www.loc.gov/catdir/toc/ecip045/2003013032.html
906 _a7
_bcbc
_corignew
_d1
_eecip
_f20
_gy-gencatlg
942 _2lcc
_cBK
999 _c8597
_d8597